[Event "Washington Class Ch - D Section"]
[Site "Redmond, WA"]
[Date "2009.11.28"]
[Round "4"]
[White "Brusniak, Benjamin"]
[Black "Liao, King"]
[Result "0-1"]
[WhiteElo "1119"]
[BlackElo "1252"]
[PlyCount "112"]
[EventDate "2009.11.29"]
[Source "NWChess.com"]
[SourceDate "2009.12.26"]

1. e4 d6 2. d4 Nf6 3. Nc3 g6 4. Nf3 Bg7 5. Bb5+ c6 6. Bd3 O-O 7. O-O Nbd7 8.
Bf4 Nh5 9. Bg3 e5 10. dxe5 dxe5 11. Qe2 Qc7 12. Rad1 Nc5 13. Bc4 Ne6 14. Bxe6
Bxe6 15. a3 Nxg3 16. fxg3 Qb6+ 17. Qf2 Qxb2 18. Nb1 Qb6 19. Nc3 Qxf2+ 20. Kxf2
f5 21. Kg1 Rad8 22. Ng5 Bc4 23. Rxd8 Rxd8 24. Rd1 Rxd1+ 25. Nxd1 h6 26. Ne3
fxe4 27. Nxe4 Bd5 28. Nxd5 cxd5 29. Nd6 Bf8 30. Nxb7 Bxa3 31. Nd8 Kf8 32. Kf1
e4 33. Nc6 Bc5 34. Ne5 Kg7 35. c3 Bb6 36. Nc6 {Missing moves.} Kf6 37. Nb4 Ke6
38. Ke2 Kd6 39. g4 d4 40. cxd4 Bxd4 41. h4 a5 42. Nc2 Kc5 43. h5 g5 44. g3 a4
45. Kd2 Kc4 46. Ke2 Bc5 47. Kd2 e3+ 48. Ke2 Kc3 49. Nxe3 Bxe3 50. Kxe3 a3 51.
Ke4 a2 52. Kf5 a1=Q 53. Ke5 Kd3+ 54. Kd5 Qd4+ 55. Ke6 Qxg4+ 56. Kf6 Qxh5 0-1

[Event "Washington Class Ch - D Section"]
[Site "Redmond, WA"]
[Date "2009.11.28"]
[Round "2"]
[White "Brusniak, Benjamin"]
[Black "McGuire, Dennis"]
[Result "1-0"]
[WhiteElo "1119"]
[BlackElo "1198"]
[PlyCount "93"]
[EventDate "2009.11.29"]
[Source "NWChess.com"]
[SourceDate "2009.12.26"]

1. e4 Nf6 2. Nc3 e5 3. Nf3 Bb4 4. Bc4 Bxc3 5. dxc3 d6 6. O-O Nxe4 7. Qd5 Be6 8.
Qxb7 Bxc4 9. Qxa8 Bxf1 10. Kxf1 Nf6 11. Qxa7 O-O 12. Bg5 Nbd7 13. a4 h6 14.
Bxf6 Nxf6 15. a5 Qb8 16. Qxb8 Rxb8 17. a6 Ra8 18. Ke2 Nd7 19. Kd3 Nc5+ 20. Kc4
Rxa6 21. Rxa6 Nxa6 22. Kb5 Nc5 23. Kc6 Ne6 24. b4 Kf8 25. b5 Ke8 26. b6 cxb6
27. Kxd6 Nf4 28. Nxe5 Nxg2 29. Nd7 Ne1 30. Nxb6 Nxc2 31. c4 Nb4 32. c5 Kd8 33.
c6 Na6 34. Nd5 g5 35. c7+ Nxc7 36. Nxc7 f6 37. Nd5 f5 38. Ke6 f4 39. Kf6 Kd7
40. Kg6 Ke6 41. Kxh6 Kxd5 42. Kxg5 Ke4 43. h4 f3 44. h5 Ke5 45. h6 Ke6 46. h7
Kf7 47. h8=Q 1-0

[Event "Washington Class Ch - D Section"]
[Site "Redmond, WA"]
[Date "2009.11.28"]
[Round "3"]
[White "Chuck, Caleb"]
[Black "Zhu, Bryan"]
[Result "1/2-1/2"]
[WhiteElo "1338"]
[BlackElo "1072"]
[Annotator "Wight, David"]
[PlyCount "95"]
[EventDate "2009.11.29"]
[Source "NWChess.com"]
[SourceDate "2009.12.26"]

1. d4 d5 2. e3 Nf6 3. Bd3 c6 4. Nd2 Nbd7 5. f4 e6 6. Ngf3 Bd6 7. Ne5 c5 8. c3
b6 9. O-O Bb7 10. g4 Ne4 11. Nxe4 dxe4 12. Bb5 Bxe5 13. dxe5 Qc7 14. Bxd7+ Qxd7
15. Qxd7+ Kxd7 16. b3 f5 17. exf6 gxf6 18. Rd1+ Ke7 19. c4 Rhg8 20. h3 h5 21.
Kf2 hxg4 22. hxg4 Rxg4 23. Rh1 Bc6 24. Bb2 f5 25. Rh7+ Ke8 26. Rd1 Kf8 27. Rd6
Be8 28. Bf6 Rg6 29. Rxe6 Rd8 30. Be7+ Kg8 31. Rxg6+ Kxh7 32. Bxd8 Kxg6 33. Bc7
Kf6 34. Bb8 a6 35. Ba7 b5 36. Bxc5 bxc4 37. bxc4 Bf7 38. Bd4+ Ke7 39. c5 Bxa2
40. Ke1 Bc4 41. Kd2 Bb5 42. Kc3 Kd7 43. Kb4 Kc6 44. Ka5 Kb7 45. Be5 Kc6 46. Bd4
Bc4 47. Kb4 Bb5 48. Ka5 {Draw by Three Time Repetition.} 1/2-1/2

[Event "Washington Class Ch - D Section"]
[Site "Redmond, WA"]
[Date "2009.11.28"]
[Round "2"]
[White "Davis, Fred"]
[Black "Lee, Jonah"]
[Result "0-1"]
[WhiteElo "1220"]
[BlackElo "1051"]
[Annotator "Wight, David"]
[PlyCount "140"]
[EventDate "2009.11.29"]
[Source "NWChess.com"]
[SourceDate "2009.12.26"]

1. e4 e6 2. d4 d5 3. Nc3 Bb4 4. e5 c5 5. f4 Ne7 6. Nf3 Bxc3+ 7. bxc3 O-O 8. Be2
Nbc6 9. O-O Qb6 10. Ba3 cxd4 11. Nxd4 Re8 12. Rb1 Qd8 13. Qd3 Nxd4 14. cxd4 b6
15. Qb3 Nf5 16. c3 Bd7 17. Ba6 Bc8 18. Bb5 Bd7 19. Rfc1 Bxb5 20. Qxb5 Ne3 21.
Qd3 Nc4 22. Bb2 Rc8 23. Rf1 Qc7 24. Rf3 h6 25. Rh3 Red8 26. g4 Nxb2 27. Rxb2
Qc4 28. Qc2 Re8 29. g5 g6 30. gxh6 Kh7 31. Rb4 Qc7 32. Qc1 Qe7 33. Qe1 Rg8 34.
Qb1 Rc6 35. Rb3 Qc7 36. Qe1 Qe7 37. Qb1 Rc4 38. Qc2 Rgc8 39. Qb1 Qd8 40. Qe1
R8c6 41. Qb1 a6 42. Qc1 b5 43. a3 Rxd4 44. Qe3 Re4 45. Qf2 Rcc4 46. Rf3 Qe7 47.
Kg2 Qc5 48. Qxc5 Rxc5 49. Rb4 Rcc4 50. Kf2 Kxh6 51. Kg3 Kh5 52. h4 Re1 53. Rxc4
bxc4 54. Kg2 Ra1 55. Kg3 Rxa3 56. Kh3 a5 57. Kg3 a4 58. Kh3 Rb3 59. Kg2 a3 60.
Rf2 Rb2 61. Rxb2 axb2 62. Kg3 b1=Q 63. Kf2 Qd3 (63... Kg4 64. Ke2 Qc2+ 65. Ke1
Kf3 66. Kf1 Qb1# {
This could be one variation.Of course there other moves available too.}) 64.
Kg2 Qxc3 65. Kf2 Qd3 66. Kg2 c3 67. Kf2 c2 68. Kg2 c1=R 69. Kf2 Rc2+ 70. Ke1
Qe2# 0-1

[Event "Washington Class Ch - D Section"]
[Site "Redmond, WA"]
[Date "2009.11.28"]
[Round "4"]
[White "Davis, Fred"]
[Black "Nelson, Evan"]
[Result "1/2-1/2"]
[WhiteElo "1220"]
[BlackElo "1327"]
[PlyCount "108"]
[EventDate "2009.11.29"]
[Source "NWChess.com"]
[SourceDate "2009.12.26"]

1. e4 c5 2. Nf3 Nc6 3. d4 cxd4 4. Nxd4 Nf6 5. Nc3 e5 6. Ndb5 d6 7. Bc4 a6 8.
Na3 b5 9. Bd5 Bb7 10. Ne2 Nxd5 11. Qxd5 Qc7 12. Qd3 Rc8 13. c3 b4 14. Nc2 bxc3
15. Nxc3 Ne7 16. Ne3 Qa5 17. Bd2 Rc5 18. O-O d5 19. exd5 Nxd5 20. Nexd5 Bxd5
21. Nxd5 Rxd5 22. Bxa5 Rxd3 23. Rad1 Rxd1 24. Rxd1 Be7 25. Bc7 f6 26. f4 exf4
27. Bxf4 g5 28. Bg3 Kf7 29. Rd7 Rc8 30. Bd6 Re8 31. Kf2 Ke6 32. Rxe7+ Rxe7 33.
Bxe7 Kxe7 34. Ke3 f5 35. h3 Ke6 36. g3 Ke5 37. b3 Kd5 38. a3 a5 39. Kd3 Kc5 40.
Kc3 h5 41. b4+ axb4+ 42. axb4+ Kd5 43. Kd3 Ke5 44. Ke3 Kd5 45. Kd3 Kc6 46. Kd4
Kb5 47. Ke5 f4 48. gxf4 g4 49. hxg4 hxg4 50. Ke4 Kxb4 51. f5 g3 52. Kf3 g2 53.
Kxg2 Kc5 54. Kg3 Kd6 1/2-1/2

[Event "Washington Class Ch - D Section"]
[Site "Redmond, WA"]
[Date "2009.12.07"]
[Round "5"]
[White "He, Samuel"]
[Black "Zhu, Bryan"]
[Result "1/2-1/2"]
[WhiteElo "1335"]
[BlackElo "1072"]
[PlyCount "125"]
[EventDate "2009.11.29"]
[Source "NWChess.com"]
[SourceDate "2009.12.26"]

1. d4 d5 2. c4 c6 3. Nf3 Nf6 4. Nc3 e6 5. Bg5 Nbd7 6. e3 h6 7. Bh4 b6 8. Qa4
Bb7 9. cxd5 cxd5 10. Rc1 a6 11. Bd3 b5 12. Qb3 Rc8 13. O-O Be7 14. Rce1 b4 15.
Ne2 O-O 16. Bxf6 Nxf6 17. Ne5 a5 18. Ng3 Ne4 19. Qd1 Bd6 20. Nf3 Nxg3 21. fxg3
f6 22. Nh4 e5 23. Qg4 e4 24. Nf5 Rc7 25. Nxh6+ Kh7 26. Nf5 exd3 27. Qh4+ Kg8
28. g4 d2 29. Rd1 Ba6 30. Rf2 Rc1 31. Rfxd2 Rxd1+ 32. Rxd1 Bc8 33. Rc1 Bxf5 34.
gxf5 Qd7 35. Qf2 Rc8 36. Rc2 Rxc2 37. Qxc2 Qc7 38. Qxc7 Bxc7 39. g4 Kf7 40. h4
g5 41. hxg5 fxg5 42. Kf2 Kf6 43. b3 Ke7 44. Kf3 Kf6 45. e4 dxe4+ 46. Kxe4 Ke7
47. Kd5 Kd7 48. Ke4 Ke7 49. Kd5 Kd7 50. Kc5 Ke7 51. Kc6 Bd8 52. d5 Ke8 53. Kd6
Kf7 54. Kd7 Bb6 55. d6 Kf8 56. Ke6 Bd8 57. f6 Ke8 58. f7+ Kf8 59. Kd7 Bb6 60.
Ke6 Bd8 61. Kd7 Bb6 62. Kc6 Bd8 63. Kd7 1/2-1/2

[Event "Washington Class Ch - D Section"]
[Site "Redmond, WA"]
[Date "2009.11.27"]
[Round "2"]
[White "Hu, Kaicheng"]
[Black "Zhu, Bryan"]
[Result "1-0"]
[WhiteElo "1240"]
[BlackElo "1072"]
[PlyCount "71"]
[EventDate "2009.11.29"]
[Source "NWChess.com"]
[SourceDate "2009.12.26"]

1. d4 d5 2. Nf3 Nf6 3. c4 c6 4. Nc3 e6 5. Bg5 Be7 6. e3 Nbd7 7. Bd3 O-O 8. O-O
Bd6 9. Re1 h6 10. Bh4 Qc7 11. cxd5 exd5 12. a3 Re8 13. Qc2 b5 14. Rac1 Qb6 15.
Na2 Bb7 16. Nb4 Rac8 17. Bf5 g5 18. Nxg5 hxg5 19. Bxg5 Rc7 20. Nd3 Kf8 21. Nc5
Bxc5 {Rest of game notation was indecipherable.} 22. dxc5 Qa6 23. Qc3 Re5 24.
Bh6+ Ke8 25. g4 Rc8 26. Bg7 Rxf5 27. gxf5 Ke7 28. Bxf6+ Nxf6 29. Qe5+ Kd7 30.
Qxf6 Rg8+ 31. Kh1 Ke8 32. e4 Kf8 33. Qd8+ Kg7 34. Rg1+ Kh6 35. Qxg8 dxe4 36.
Qh8# 1-0

[Event "Washington Class Ch - D Section"]
[Site "Redmond, WA"]
[Date "2009.11.28"]
[Round "3"]
[White "Lee, Jonah"]
[Black "Brusniak, Benjamin"]
[Result "1-0"]
[WhiteElo "1051"]
[BlackElo "1119"]
[PlyCount "163"]
[EventDate "2009.11.29"]
[Source "NWChess.com"]
[SourceDate "2009.12.26"]

1. c4 e5 2. g3 Nf6 3. Bg2 Nc6 4. Nc3 Bb4 5. Nd5 Bc5 6. e3 O-O 7. Ne2 d6 8. O-O
Bf5 9. d3 Nxd5 10. cxd5 Nb4 11. e4 Bg4 12. a3 Na6 13. h3 Bh5 14. Qc2 Nb8 15. b4
Bb6 16. Nc3 Nd7 17. Na4 Bd4 18. Bb2 Bxb2 19. Nxb2 Nf6 20. Nc4 Rc8 21. Ne3 Qd7
22. a4 c6 23. dxc6 Rxc6 24. Qb2 h6 25. b5 Rc7 26. Rac1 Rfc8 27. Rxc7 Qxc7 28.
g4 Bg6 29. Rd1 Qc3 30. Qxc3 Rxc3 31. Nc4 Nd7 32. Nxd6 Nc5 33. a5 b6 34. axb6
axb6 35. Bf1 Rb3 36. f3 h5 37. Kf2 hxg4 38. hxg4 Kf8 39. d4 exd4 40. Rxd4 Rb2+
41. Kg3 Ne6 42. Ra4 Rb1 43. Be2 Rb2 44. Bf1 Rb1 45. Bc4 Nc7 46. Ra7 Ne6 47.
Bxe6 fxe6 48. Rb7 Rb3 49. Rxb6 Ke7 50. e5 Re3 51. Kf4 Rb3 52. Rb7+ Kf8 53. b6
Rb4+ 54. Kg3 Rb3 55. Rb8+ Ke7 56. b7 Kd7 57. Rc8 Rxb7 58. Nxb7 Kxc8 59. Nd6+
Kd7 60. f4 Be8 61. Nxe8 Kxe8 62. Kh4 Kf7 63. Kg5 Kf8 64. Kg6 Kg8 65. f5 exf5
66. gxf5 Kf8 67. e6 Ke8 68. Kxg7 Ke7 69. f6+ Kxe6 70. f7 Ke5 71. f8=Q Ke4 72.
Qf6 Kd5 73. Kf7 Ke4 74. Qg5 Kf3 75. Qe5 Kg2 76. Qf4 Kh1 77. Qg4 Kh2 78. Kf6 Kh1
79. Kf5 Kh2 80. Kf4 Kh1 81. Kf3 Kh2 82. Qg2# 1-0

[Event "Washington Class Ch - D Section"]
[Site "Redmond, WA"]
[Date "2009.11.28"]
[Round "3"]
[White "McGuire, Dennis"]
[Black "Davis, Fred"]
[Result "1/2-1/2"]
[WhiteElo "1198"]
[BlackElo "1220"]
[PlyCount "108"]
[EventDate "2009.11.29"]
[Source "NWChess.com"]
[SourceDate "2009.12.26"]

1. d4 Nf6 2. Nc3 e6 3. a3 c5 4. Nf3 Nc6 5. Bg5 cxd4 6. Ne4 Be7 7. Bxf6 Bxf6 8.
Rb1 O-O 9. Qd3 d5 10. Ng3 e5 11. e4 dxe4 12. Nxe4 Bf5 13. Be2 Re8 14. h3 Re6
15. g4 Bg6 16. h4 Qd5 17. Nfd2 h6 18. Bf3 Qa5 19. b4 Qc7 20. g5 hxg5 21. hxg5
Bxg5 22. Bg4 Ree8 23. Qh3 Bxd2+ 24. Kxd2 f6 25. Nc5 Nd8 26. Rhg1 e4 27. Be6+
Nxe6 28. Nxe6 Qc3+ 29. Qxc3 dxc3+ 30. Kxc3 Rxe6 31. Rxg6 Rc8+ 32. Kb3 Rec6 33.
Rc1 Rc3+ 34. Kb2 Rf3 35. Rg2 Rc7 36. Rh2 e3 37. fxe3 Rxe3 38. Rd1 Kf7 39. Rhd2
Ree7 40. Rf1 Rcd7 41. Rg2 Rd6 42. Rfg1 Kf8 43. Rh1 Kg8 44. Rgh2 Rde6 45. Rh8+
Kf7 46. Rg1 Re2 47. Rh7 Kg8 48. Rgh1 Rc7 49. Rh8+ Kf7 50. Rc1 Re8 51. Rh7 Re2
52. Kb3 Re3+ 53. c3 b5 54. Rh5 a6 1/2-1/2

[Event "Washington Class Ch - D Section"]
[Site "Redmond, WA"]
[Date "2009.11.29"]
[Round "5"]
[White "Nagase, Masayuki"]
[Black "Davis, Fred"]
[Result "1-0"]
[WhiteElo "1206"]
[BlackElo "1220"]
[PlyCount "117"]
[EventDate "2009.11.29"]
[Source "NWChess.com"]
[SourceDate "2009.12.26"]
[TimeControl "40/7200:20/3600:1800"]

{2048MB, MyBook18.4.ctg, DAVIDSANDPEN-PC} 1. d4 Nf6 2. c4 e6 3. Nc3 c5 4. Nf3
cxd4 5. Nxd4 Nc6 6. Bf4 Bc5 7. Nxc6 bxc6 8. Bd6 Bxd6 9. Qxd6 Qe7 10. Rd1 Qxd6
11. Rxd6 O-O 12. e3 Rd8 13. Be2 Ne8 14. Rd2 d5 15. c5 a5 16. Na4 Ba6 17. Nb6
Ra7 18. a3 Nc7 19. Bxa6 Rxa6 20. Ke2 Na8 21. Nc4 Nc7 22. e4 Raa8 23. Nd6 Ne8
24. e5 Nxd6 25. cxd6 Rab8 26. Rc1 Rb6 27. Rc5 Rdb8 28. Rxa5 Rxb2 29. Rxb2 Rxb2+
30. Kd3 Rb8 31. Rc5 Rc8 32. a4 Kf8 33. a5 Ke8 34. a6 Kd7 35. a7 Ra8 36. Ra5 Kc8
37. Kd4 Kb7 38. Kc5 g6 39. Ra1 h6 40. g4 g5 41. f3 Kc8 42. Kxc6 d4 43. Kb6 d3
44. Rd1 Kd7 45. Kb7 Rc8 46. a8=Q Rxa8 47. Kxa8 Kc8 48. Rxd3 Kd7 49. Kb7 Kd8 50.
d7 h5 51. gxh5 g4 52. h6 gxf3 53. Rxf3 Kxd7 54. h7 Ke8 55. h8=Q+ Ke7 56. Qf6+
Ke8 57. Qxf7+ Kd8 58. Kc6 Kc8 59. Qf8# 1-0

[Event "Washington Class Ch - D Section"]
[Site "Redmond, WA"]
[Date "2009.11.28"]
[Round "1"]
[White "Narayanan, Madhavi"]
[Black "Brusniak, Benjamin"]
[Result "0-1"]
[WhiteElo "1237"]
[BlackElo "1119"]
[PlyCount "120"]
[EventDate "2009.11.29"]
[Source "NWChess.com"]
[SourceDate "2009.12.26"]

1. e4 e5 2. Nf3 Nc6 3. d4 exd4 4. Bc4 Be7 5. c3 Na5 6. Qxd4 Nxc4 7. Qxc4 d6 8.
O-O Nf6 9. Bg5 Be6 10. Qd3 O-O 11. Nd4 Bd7 12. Qg3 Nxe4 13. Bxe7 Nxg3 14. Bxd8
Nxf1 15. Bxc7 Nxh2 16. Bxd6 Rfe8 17. Kxh2 Re1 18. g3 Rae8 19. Nb3 R8e2 20. Bc5
Rxb2 21. Na3 Rxa1 22. Nxa1 Rxa2 23. N1c2 b6 24. Bd6 Ba4 25. Nd4 Rxf2+ 26. Kg1
Rf6 27. Bb8 Rg6 28. Nf5 Kf8 29. Kh2 Rc6 30. Bd6+ Ke8 31. Nxg7+ Kd7 32. Be5 Rc5
33. Bd4 Rg5 34. Nc4 Ke7 35. Ne3 Bd7 36. Ng2 f6 37. Nf4 Rxg7 38. Nd5+ Ke6 39.
Nf4+ Kf5 40. Nh5 Rg6 41. Nf4 Rh6+ 42. Kg2 Bc6+ 43. Kf2 Rh2+ 44. Kg1 Ra2 45. Kf1
a5 46. Bxb6 a4 47. Bd4 a3 48. Ke1 Ra1+ 49. Ke2 a2 50. c4 Rb1 51. c5 a1=Q 52.
Bxa1 Rxa1 53. Ke3 Ra3+ 54. Kd4 Rxg3 55. Nd3 h5 56. Nb4 Rg4+ 57. Kc3 Rxb4 58.
Kxb4 h4 59. Ka5 h3 60. Kb6 Bg2 0-1

[Event "Washington Class Ch - D Section"]
[Site "Redmond, WA"]
[Date "2009.11.28"]
[Round "1"]
[White "Narayanan, Menaka"]
[Black "Davis, Fred"]
[Result "0-1"]
[WhiteElo "1094"]
[BlackElo "1220"]
[PlyCount "138"]
[EventDate "2009.11.29"]
[Source "NWChess.com"]
[SourceDate "2009.12.26"]

1. e4 c5 2. Nc3 Nc6 3. f4 g6 4. Nf3 Bg7 5. Bb5 e6 6. O-O Nge7 7. d3 O-O 8. Qe1
d5 9. e5 Qb6 10. Kh1 Bd7 11. Bxc6 Bxc6 12. Qh4 Nf5 13. Qh3 d4 14. Ne2 Ne3 15.
Bxe3 dxe3 16. Ng5 h6 17. Ne4 Qxb2 18. Nf6+ Bxf6 19. exf6 Qxf6 20. Qxh6 Qf5 21.
Rae1 Qd5 22. Qh3 Qxa2 23. Rc1 Qd5 24. Rf3 Kg7 25. Rxe3 Rh8 26. Qg4 Rh6 27. Rh3
Rxh3 28. Qxh3 Rh8 29. Qg3 a5 30. c4 Qh5 31. d4 Qxe2 32. dxc5 Qd2 33. Ra1 Qd4
34. Rc1 Qxc5 35. Qc3+ Kg8 36. Rd1 Qb6 37. c5 Qc7 38. Rd4 Qe7 39. Qxa5 Qh4 40.
Rd8+ Kg7 41. Qa1+ f6 42. Rxh8 Kxh8 43. Qa8+ Kg7 44. Qa5 Qxf4 45. Qe1 Qe4 46.
Qxe4 Bxe4 47. Kg1 Kf7 48. Kf2 Ke7 49. g3 Kd7 50. Ke3 Bg2 51. Kd4 Kc6 52. Kc4
Bf1+ 53. Kd4 e5+ 54. Ke4 Kxc5 55. h4 Kc4 56. g4 Bg2+ 57. Ke3 b5 58. h5 gxh5 59.
gxh5 Bd5 60. Kd2 b4 61. Kc2 b3+ 62. Kb2 e4 63. h6 Bg8 64. h7 Bxh7 65. Ka1 Kc3
66. Kb1 e3+ 67. Kc1 b2+ 68. Kd1 Bd3 69. Ke1 b1=Q# 0-1

[Event "Washington Class Ch - D Section"]
[Site "Redmond, WA"]
[Date "2009.11.29"]
[Round "5"]
[White "Narayanan, Menaka"]
[Black "Rogers, Bill"]
[Result "0-1"]
[WhiteElo "1094"]
[BlackElo "1377"]
[PlyCount "64"]
[EventDate "2009.11.29"]
[Source "NWChess.com"]
[SourceDate "2009.12.26"]

1. e4 e5 2. Nf3 Nf6 3. Nxe5 d6 4. Nf3 Nxe4 5. Nc3 Nxc3 6. bxc3 Bg4 7. Bc4 d5 8.
Bb5+ c6 9. Ba4 Qe7+ 10. Qe2 Bxf3 11. Qxe7+ Bxe7 12. gxf3 O-O 13. d4 a5 14. a3
Re8 15. Kd1 Nd7 16. Rg1 Bd6 17. Bh6 g6 18. h4 Nf6 19. Kd2 Re6 20. Rh1 Nh5 21.
Rag1 Bf4+ 22. Bxf4 Nxf4 23. h5 Rae8 24. hxg6 fxg6 25. Rh4 Rf6 26. Kd1 Ne2 27.
Bxc6 bxc6 28. Rg5 Nxc3+ 29. Kd2 Nb1+ 30. Kc1 Nxa3 31. Rg3 Nc4 32. f4 Re1# 0-1

[Event "Washington Class Ch - D Section"]
[Site "Redmond, WA"]
[Date "2009.11.29"]
[Round "5"]
[White "Nelson, Evan"]
[Black "Brusniak, Benjamin"]
[Result "1/2-1/2"]
[WhiteElo "1327"]
[BlackElo "1119"]
[PlyCount "109"]
[EventDate "2009.11.29"]
[Source "NWChess.com"]
[SourceDate "2009.12.26"]

1. e4 e5 2. Nf3 Nc6 3. d4 exd4 4. Bc4 Na5 5. Bxf7+ Kxf7 6. Ne5+ Ke7 7. Bg5+ Nf6
8. c3 h6 9. Ng6+ Kf7 10. Qh5 Nxh5 11. Nxh8+ Kg8 12. Bxd8 Kxh8 13. Bxc7 dxc3 14.
Nxc3 Nc4 15. O-O-O Nf6 16. h3 Bc5 17. Rhf1 b6 18. b3 Na5 19. Bd6 Bxd6 20. Rxd6
Nb7 21. Rd4 Nc5 22. f4 Ba6 23. Rf2 Nd3+ 24. Rxd3 Bxd3 25. Rd2 Bxe4 26. Nxe4
Nxe4 27. Rxd7 Nc5 28. Rd2 Rc8 29. Kd1 Rc7 30. Ke2 Rd7 31. Rc2 Ne6 32. Rc4 Rd4
33. Rxd4 Nxd4+ 34. Kd3 Ne6 35. Ke4 Kg8 36. Ke5 Kf7 37. f5 Nc5 38. Kd6 Nd3 39.
Kc7 Nc1 40. a3 Nxb3 41. Kb7 Kf6 42. Kxa7 Kxf5 43. Kxb6 Kf4 44. a4 Kg3 45. Kb5
Kxg2 46. Kb4 Nd4 47. Kc5 Nb3+ 48. Kb4 Na5 49. Kxa5 Kxh3 50. Kb5 g5 51. a5 g4
52. a6 g3 53. a7 g2 54. a8=Q g1=Q 55. Qf3+ 1/2-1/2

[Event "Washington Class Ch - D Section"]
[Site "Redmond, WA"]
[Date "2009.11.29"]
[Round "6"]
[White "Phan, James"]
[Black "Williams, Antonio"]
[Result "0-1"]
[WhiteElo "1390"]
[BlackElo "1311"]
[PlyCount "116"]
[EventDate "2009.11.29"]
[Source "NWChess.com"]
[SourceDate "2009.12.26"]

1. e4 c5 2. Nf3 d6 3. Nc3 a6 4. d4 cxd4 5. Nxd4 Nf6 6. Bd3 Nc6 7. Nde2 e6 8.
Bg5 Be7 9. Qd2 b5 10. a3 Bb7 11. O-O Rc8 12. Ng3 O-O 13. Rad1 Ng4 14. Bxe7 Qxe7
15. Be2 Nf6 16. Qxd6 Rfd8 17. Qxe7 Nxe7 18. Rd3 Rd7 19. Rfd1 Rcd8 20. Rxd7 Rxd7
21. Rxd7 Nxd7 22. Na2 Nc5 23. f3 Nc6 24. Kf2 g6 25. Ke3 e5 26. c4 Nd4 27. Bf1
h5 28. Nc3 Bc6 29. Nh1 Ncb3 30. cxb5 Nxb5 31. Nxb5 axb5 32. Kd3 Nd4 33. Kc3 Kf8
34. Kb4 Ke7 35. Nf2 Kd6 36. Nd1 Bd7 37. Nc3 Nc6+ 38. Kxb5 Nd4+ 39. Ka6 Bc8+ 40.
Kb6 f5 41. Nb5+ Ke6 42. Bc4+ Kf6 43. Nxd4 exd4 44. Kc5 fxe4 45. fxe4 Ke5 46.
Bd3 Bb7 47. b4 Bxe4 48. Bf1 g5 49. a4 g4 50. g3 Bg2 51. Bxg2 d3 52. Bf1 d2 53.
Be2 Ke4 54. b5 Ke3 55. Bd1 h4 56. b6 hxg3 57. hxg3 Kf2 58. Bxg4 Kxg3 0-1

[Event "Washington Class Ch - D Section"]
[Site "Redmond, WA"]
[Date "2009.11.28"]
[Round "4"]
[White "Presley, Jason"]
[Black "Williams, Antonio"]
[Result "1-0"]
[WhiteElo "1193"]
[BlackElo "1311"]
[PlyCount "79"]
[EventDate "2009.11.29"]
[Source "NWChess.com"]
[SourceDate "2009.12.26"]

1. c4 e5 2. Nc3 Nf6 3. Nf3 Nc6 4. g3 Be7 5. Bg2 a6 6. O-O O-O 7. d3 d6 8. Rb1
Bf5 9. e4 Bg4 10. Be3 Nd4 11. Bxd4 exd4 12. Nd5 c6 13. Nxe7+ Qxe7 14. Qd2 c5
15. b4 b6 16. Rfc1 Nd7 17. bxc5 dxc5 18. Rb3 Qf6 19. Ng5 Qh6 20. f4 Rae8 21. e5
Nxe5 22. fxe5 Rxe5 23. Ne4 Qxd2 24. Nxd2 Re2 25. Ne4 Rxa2 26. Rxb6 f5 27. Nxc5
a5 28. Ne6 Rf6 29. Bd5 Kf7 30. Rb7+ Kg6 31. c5 f4 32. Nxf4+ Kh6 33. Bxa2 g5 34.
Nd5 Rf3 35. Bc4 Bf5 36. c6 Bxd3 37. Bxd3 Rxd3 38. c7 Rf3 39. g4 Rf8 40. Rb6+
1-0

[Event "Washington Class Ch - D Section"]
[Site "Redmond, WA"]
[Date "2009.11.27"]
[Round "1"]
[White "Rogers, Bill"]
[Black "Hu, Kaicheng"]
[Result "1/2-1/2"]
[WhiteElo "1377"]
[BlackElo "1240"]
[Annotator "Wight, David"]
[PlyCount "67"]
[EventDate "2009.11.29"]
[Source "NWChess.com"]
[SourceDate "2009.12.26"]

1. d4 Nf6 2. c4 c5 3. Nf3 cxd4 4. Nxd4 e5 5. Nf3 Nc6 6. Nc3 Bb4 7. Bd2 O-O 8.
a3 Bxc3 9. Bxc3 Re8 10. e3 d5 11. cxd5 Nxd5 12. Rc1 Nxc3 13. Rxc3 Qxd1+ 14.
Kxd1 Bg4 15. Be2 Rad8+ 16. Nd2 h5 17. Bxg4 hxg4 18. Ke2 Re6 19. Rd3 Rc8 20. Kd1
f5 21. Nb3 b6 22. Re1 e4 23. Rc3 Rd8+ 24. Kc2 Kf7 25. Rd1 Rxd1 26. Kxd1 Rd6+
27. Ke2 Kf6 28. f4 gxf3+ 29. gxf3 exf3+ 30. Kxf3 Ne5+ 31. Ke2 Rc6 32. Rxc6+
Nxc6 33. Nc1 Ne5 34. Nd3 $4 {White escapes with a Draw.} (34. Nd3 $4 Nxd3 $19
35. Kxd3 Ke5 36. h3 a6 37. a4 a5 38. Ke2 Ke4 39. Kf2 f4 40. exf4 Kxf4 41. h4
Kg4 42. h5 Kxh5 43. Kg3 Kg5 44. Kf3 Kh4 45. Kf2 Kh3) 1/2-1/2

[Event "Washington Class Ch - D Section"]
[Site "Redmond, WA"]
[Date "2009.11.29"]
[Round "6"]
[White "Rogers, Bill"]
[Black "Narayanan, Madhavi"]
[Result "1-0"]
[WhiteElo "1377"]
[BlackElo "1237"]
[PlyCount "111"]
[EventDate "2009.11.29"]
[Source "NWChess.com"]
[SourceDate "2009.12.26"]

1. d4 f5 2. c4 Nf6 3. Nc3 g6 4. Nf3 Bg7 5. e3 O-O 6. Be2 d6 7. O-O Nbd7 8. Qb3
c5 9. Ng5 Nb6 10. d5 h6 11. Ne6 Bxe6 12. dxe6 Qc8 13. Nd5 Qxe6 14. Nc7 Qd7 15.
Nxa8 Rxa8 16. Bd2 e5 17. Rad1 Rf8 18. Bc3 Ne4 19. f4 Nxc3 20. Qxc3 exf4 21. Qd2
fxe3 22. Qxd6 Qxd6 23. Rxd6 Bxb2 24. Rxg6+ Kh7 25. Re6 Bd4 26. Kh1 Kg7 27. Re7+
Kg6 28. Rxb7 Ra8 29. Bd3 Nc8 30. Bxf5+ Kg5 31. Bd3 Nd6 32. Rd7 Ne8 33. Rf8 Nf6
34. Rg7+ Kf4 35. Rxa8 Ng4 36. Rxg4+ Kxg4 37. Rxa7 h5 38. a4 h4 39. a5 Be5 40.
a6 h3 41. Rf7 Bb8 42. a7 Bxa7 43. Rxa7 hxg2+ 44. Kxg2 Kf4 45. Rc7 Ke5 46. Rxc5+
Kd4 47. Rd5+ Kc3 48. c5 Kd2 49. c6 e2 50. Bxe2+ Kxe2 51. c7 Ke3 52. c8=Q Ke4
53. Qc4+ Ke3 54. Rd3+ Ke2 55. Qc2+ Ke1 56. Qd1# 1-0

[Event "Washington Class Ch - D Section"]
[Site "Redmond, WA"]
[Date "2009.11.28"]
[Round "3"]
[White "Rogers, Bill"]
[Black "Presley, Jason"]
[Result "0-1"]
[WhiteElo "1377"]
[BlackElo "1193"]
[PlyCount "95"]
[EventDate "2009.11.29"]
[Source "NWChess.com"]
[SourceDate "2009.12.26"]

1. e4 c5 2. Nf3 Nc6 3. d4 cxd4 4. Nxd4 g6 5. Be3 Bg7 6. Nc3 Nf6 7. Be2 d6 8. f4
Nxd4 9. Bxd4 e6 10. Bb5+ Bd7 11. Bxd7+ Qxd7 12. Qe2 a6 13. O-O-O Qc6 14. e5
dxe5 15. Bxe5 O-O 16. Rd6 Qe8 17. Rhd1 Qe7 18. R6d3 Rfd8 19. Ne4 Nxe4 20. Bxg7
Kxg7 21. Qxe4 Rxd3 22. Rxd3 Re8 23. Qe5+ Qf6 24. Rh3 h5 25. g4 Qxe5 26. fxe5
hxg4 27. Rg3 Rh8 28. Rg2 Rh5 29. Re2 f5 30. exf6+ Kxf6 31. c4 Rc5 32. b3 b5 33.
Re4 Kf5 34. Rd4 bxc4 35. Rxc4 Rxc4+ 36. bxc4 Ke5 37. Kb2 Kd4 38. Kb3 a5 39. Ka4
Kxc4 40. Kxa5 e5 41. a4 e4 42. Kb6 e3 43. a5 e2 44. a6 e1=Q 45. a7 Qa1 46. Kb7
Kd3 47. a8=Q Qxa8+ 48. Kxa8 0-1

[Event "Washington Class Ch - D Section"]
[Site "Redmond, WA"]
[Date "2009.11.28"]
[Round "3"]
[White "Williams, Antonio"]
[Black "Nagase, Masayuki"]
[Result "1/2-1/2"]
[WhiteElo "1311"]
[BlackElo "1206"]
[PlyCount "68"]
[EventDate "2009.11.29"]
[Source "NWChess.com"]
[SourceDate "2009.12.26"]

1. e4 c5 2. Nf3 d6 3. d4 cxd4 4. Nxd4 Nf6 5. Nc3 g6 6. Bc4 Bg7 7. Bb3 O-O 8.
O-O Nc6 9. Be3 Ng4 10. Nxc6 bxc6 11. Bd4 Nf6 12. Qd2 c5 13. Be3 Ng4 14. Rad1
Nxe3 15. fxe3 Bb7 16. Bd5 Qb6 17. b3 Bh6 18. Rf3 Rac8 19. Rdf1 c4 20. Bxb7 Qxb7
21. Nd5 cxb3 22. axb3 Rc5 23. Qd3 e6 24. Nf6+ Kg7 25. Qd4 e5 26. Qa4 Rc6 27.
R1f2 Qa6 28. Ng4 Qxa4 29. bxa4 Bg5 30. Nf6 Bxf6 31. Rxf6 Rc4 32. Rxd6 Rxe4 33.
Ra6 Ra8 34. Raf6 Rf8 1/2-1/2